Commodity risk management and finance
Αποθηκεύτηκε σε:
| Άλλοι συγγραφείς: | , |
|---|---|
| Μορφή: | Βιβλίο |
| Γλώσσα: | English |
| Δημοσίευση: |
New York, Toronto :
World Bank,
1991
|
| Θέματα: | |
| Ετικέτες: |
Προσθήκη ετικέτας
Δεν υπάρχουν, Καταχωρήστε ετικέτα πρώτοι!
|
MARC
| LEADER | 00000nam a2200000 i 4500 | ||
|---|---|---|---|
| 001 | 1/42038 | ||
| 008 | 960207s1991 eng d | ||
| 020 | |a 0-19-520867-6 | ||
| 035 | |l 10025519 | ||
| 040 | |a GR-MY-UA |b gre |e aacr | ||
| 041 | 0 | |a eng | |
| 082 | 0 | |a 332.6323 | |
| 245 | 1 | 0 | |a Commodity risk management and finance / |c Edited by: Theorhilos Priovolos, Ronald C. Duncan |
| 260 | |a New York, Toronto : |b World Bank, |c 1991 | ||
| 300 | |a 174 p. | ||
| 500 | |a Includes bibliographical references and index | ||
| 650 | 0 | 0 | |a Commodity-backed bonds. |
| 650 | 0 | 0 | |a Debts, External. |
| 700 | 1 | |a Πριόβολος, Θεόφιλος. |4 edt | |
| 700 | 1 | |a Duncan, Ronald C. |4 edt | |
| 852 | |a INST |b CHIOS |e 19960207 |h 332.6323 COM |p 005200003676 |q 005200003676 |t BK |y 0 | ||
| 909 | |a Χ |b 037588 | ||